Tous les Jeux Pokémon ! - Statistiques

Statistiques générales
  • Ce quiz a été pris 1 208 fois
  • Le résultat moyen est 28 sur 71
Statistiques - réponses
Année de Sortie Jeu Plateforme % Correct
1996 Pokémon Rouge Game Boy
98%
1996 Pokémon Bleu Game Boy
97%
1996 Pokémon Vert Game Boy
95%
1998 Pokémon Jaune : Edition Spéciale Pikachu Game Boy
93%
1999 Pokémon Argent Game Boy
90%
1999 Pokémon Or Game Boy
90%
2002 Pokémon Saphir Game Boy Advance
88%
2002 Pokémon Rubis Game Boy Advance
87%
2013 Pokémon X Nintendo 3DS
85%
2006 Pokémon Diamant Nintendo DS
84%
2013 Pokémon Y Nintendo 3DS
84%
2010 Pokémon Blanc Nintendo DS
83%
2010 Pokémon Noir Nintendo DS
83%
2006 Pokémon Perle Nintendo DS
83%
2004 Pokémon Emeraude Game Boy Advance
76%
2008 Pokémon Platine Nintendo DS
76%
2012 Pokémon Blanc 2 Nintendo DS
75%
2012 Pokémon Noir 2 Nintendo DS
75%
2016 Pokémon Lune Nintendo 3DS
73%
2016 Pokémon Soleil Nintendo 3DS
73%
2016 Pokémon GO iOS & Android
67%
2004 Pokémon Rouge Feu Game Boy Advance
66%
2004 Pokémon Vert Feuille Game Boy Advance
66%
2014 Pokémon Rubis Oméga Nintendo 3DS
65%
2014 Pokémon Saphir Alpha Nintendo 3DS
65%
2000 Pokémon Crystal Game Boy Color
51%
1999 Pokémon Snap Nintendo 64
47%
1999 Pokémon Stadium Nintendo 64
42%
2006 Pokémon Ranger Nintendo DS
41%
2003 Pokémon Colosseum GameCube
40%
2009 Pokémon Argent Soulsilver Nintendo DS
38%
2009 Pokémon Or Heartgold Nintendo DS
37%
2009 Pokémon Rumble Wii
33%
2005 Pokémon XD : Le Souffle des Ténèbres GameCube
33%
2000 Pokémon Stadium 2 Nintendo 64
25%
1999 Pokémon Pinball Game Boy
24%
2005 Pokémon Donjon Mystère - Equipe de Secours Rouge Game Boy Advance
23%
2005 Pokémon Donjon Mystère - Equipe de Secours Bleue Nintendo DS
19%
2007 Pokémon Donjon Mystère - Explorateur du Temps Nintendo DS
19%
2008 Pokémon Ranger : Nuit sur Almia Nintendo DS
19%
2015 Pokémon Shuffle Nintendo 3DS
19%
2015 Pokkén Tournament Arcade
19%
2016 Pokkén Tournament Wii U
19%
2011 PokéPark 2 : Le Monde des Voeux Wii
18%
2009 Pokémon Donjon Mystère - Explorateur du Ciel Nintendo DS
17%
2015 Pokémon Méga Donjon Mystère Nintendo 3DS
17%
2006 Pokémon Battle Revolution Wii
15%
2004 Pokémon Dash Nintendo DS
15%
2007 Pokémon Donjon Mystère - Explorateur de l'Ombre Nintendo DS
15%
1998 Pokémon Trading Card Game Game Boy Color
14%
2015 Pokémon Rumble World Nintendo 3DS
13%
2012 Pokémon Donjon Mystère - Les Portes de l'Infini Nintendo 3DS
11%
2009 PokéPark Wii : La Grande Aventure de Pikachu Wii
11%
2003 Pokémon Channel GameCube
9%
2005 Pokémon Link! Nintendo DS
8%
2012 Pokémon Ranger : Sillages de Lumière Nintendo DS
7%
2011 Super Pokémon Rumble Nintendo 3DS
7%
2014 Pokémon Art Academy Nintendo 3DS
6%
2013 Pokémon Rumble U Wii U
6%
1998 Hey You, Pikachu! Nintendo 64
5%
2008 My Pokémon Ranch Wii
5%
2012 Pokémon Conquest Nintendo DS
5%
2000 Pokémon Puzzle League Nintendo 64
5%
2003 Pokémon Box GameCube
4%
2003 Pokémon Pinball Rubis et Saphir Game Boy Advance
3%
2000 Pokémon Puzzle Challenge Game Boy Color
3%
2014 Pokémon Link: Battle! Nintendo 3DS & 2DS
2%
2011 Apprends avec Pokémon : A la Conquête du Clavier Nintendo DS
1%
2001 Pokémon Card GB2: Here Comes Team Great Rocket! Game Boy Color
1%
2010 Pokémon Donjon Mystère - Les Aventures du Feu, de la Lumière et de la Tempête Wii
1%
1998 Pokémon Monsters Stadium Nintendo 64
0%
Aucun quiz correspondant
Distribution des résultats
% des personnes avec chaque résultat
Percentile par nombre de réponses
Votre historique - résultats
Vous n’avez pas pris ce quiz